000 00500nam a2200181Ia 4500
003 GCL
008 140319s9999 xx 000 0 ara d
040 _aGCL /
_cGCL
082 0 4 _a415.5
_bع ا
100 1 _aعبده الراجحى
245 1 0 _aالتطبيق الصرفى /
_cعبده الراجحى
260 _a[S.N] :
_bدار المعرفة الجامعية ،
_c1991
300 _a221 ص
490 _a
650 0 4 _aعلم اللغة
650 0 4 _aعلم الصرف
942 _2ddc
_cBK
999 _c36320
_d36320